00587nam a22001697a 4500003000900000008004100009040007100050082001900121100001700140245002800157260005300185300002800238440002300266505009400289650001900383650001500402AR-CdUCM190511b ||||| |||| 00| 0 spa d aMUNICIPALIDAD PROVINCIAL DEL CUSCOcBIBLIOTECA MUNICIPAL DEL CUSCO a364.62 /bP348 aPaz, Octavio aLibertad bajo palabra / aMéxico :bFondo de cultura económica,c1960. a262 páginas ;c23 cm. aLecturas Mexicanas aContenido : Calamidades y milagros -- Semillas para un himno -- La estación violenta... aObra poética aLiteratura